| 000 | 00688nam a22002177a 4500 | ||
|---|---|---|---|
| 999 |
_c14316 _d14316 |
||
| 003 | AR-CdUCM | ||
| 008 | 190422b ||||| |||| 00| 0 spa d | ||
| 020 | _a978-607-618-754-8 | ||
| 040 |
_aMUNICIPALIDAD PROVINCIAL DEL CUSCO _cBIBLIOTECA MUNICIPAL DEL CUSCO |
||
| 041 | _heng | ||
| 082 |
_aPI / 803.08 / _bS55 |
||
| 110 |
_aSilver Dolphin _933031 |
||
| 245 | _aRumpelstiltskin / | ||
| 260 |
_aMéxico : _bSilver Dolphin, _c2016. |
||
| 300 |
_a30 páginas ; _bIlustraciones, _c23 cm. |
||
| 650 |
_aLiteratura infantil _9588 |
||
| 650 |
_aCuentos infantiles _93927 |
||
| 700 |
_aBarroso Sañudo, Francisco Javier (traductor) _933049 |
||
| 942 |
_2ddc _cLIBROS |
||
| 945 |
_aacv _d2019-04-22 |
||